Text book of hydraulic machines (Record no. 10732)

000 -LEADER
fixed length control field 00441nam a22001817a 4500
001 - CONTROL NUMBER
control field 10732
003 - CONTROL NUMBER IDENTIFIER
control field BD-DhUET
008 - FIXED-LENGTH DATA ELEMENTS--GENERAL INFORMATION
fixed length control field 150209b xxu||||| |||| 00| 0 eng d
040 ## - CATALOGING SOURCE
Transcribing agency 0
Modifying agency BD-DhUET
082 ## - DEWEY DECIMAL CLASSIFICATION NUMBER
Classification number 621.2
Item number KHU/1985
100 ## - MAIN ENTRY--PERSONAL NAME
Personal name Khurmi, R. S.
245 ## - TITLE STATEMENT
Title Text book of hydraulic machines
250 ## - EDITION STATEMENT
Edition statement 14th ed.
260 ## - PUBLICATION, DISTRIBUTION, ETC. (IMPRINT)
Place of publication, distribution, etc. New Delhi
Name of publisher, distributor, etc. S. Chand
Date of publication, distribution, etc. 1985
300 ## - PHYSICAL DESCRIPTION
Extent vii, v.p.
Other physical details ill.
650 #0 - SUBJECT ADDED ENTRY--TOPICAL TERM
Topical term or geographic name as entry element Hydraulic Machines
942 ## - ADDED ENTRY ELEMENTS (KOHA)
Koha item type General Book
Holdings
Source of classification or shelving scheme Piece designation (barcode) Location (home branch) Koha full call number Copy number Shelving location Price effective from Koha normalized classification for sorting Damaged status Koha item type Sublocation or collection (holding branch) Lost status Not for loan Date acquired Koha date last seen Withdrawn status
 64129Central Library, BUET621.2/KHU/19851Circulation section2015-02-09621_200000000000000_KHU_1985 General BookCentral Library, BUET  2015-02-092015-02-09 
 64154Central Library, BUET621.2/KHU/19852Circulation section2015-02-09621_200000000000000_KHU_1985 General BookCentral Library, BUET  2015-02-092015-02-09 
 64142Central Library, BUET621.2/KHU/19853Circulation section2015-02-09621_200000000000000_KHU_1985 General BookCentral Library, BUET  2015-02-092015-02-09 
 56685Central Library, BUET621.2/KHU/19854Circulation section2015-02-09621_200000000000000_KHU_1985 General BookCentral Library, BUET  2015-02-092015-02-09 
 64155Central Library, BUET621.2/KHU/19855Circulation section2015-02-09621_200000000000000_KHU_1985 General BookCentral Library, BUET  2015-02-092015-06-22 
 64132Central Library, BUET621.2/KHU/19856Circulation section2015-02-09621_200000000000000_KHU_1985 General BookCentral Library, BUET  2015-02-092015-02-09 
 64136Central Library, BUET621.2/KHU/19857Circulation section2015-02-09621_200000000000000_KHU_1985 General BookCentral Library, BUET  2015-02-092015-02-09 
 64153Central Library, BUET621.2/KHU/19858Circulation section2015-02-09621_200000000000000_KHU_1985 General BookCentral Library, BUET  2015-02-092015-02-09 
 64134Central Library, BUET621.2/KHU/19859Circulation section2015-02-09621_200000000000000_KHU_1985 General BookCentral Library, BUET  2015-02-092015-02-09 
 64150Central Library, BUET621.2/KHU/198510Circulation section2015-02-09621_200000000000000_KHU_1985 General BookCentral Library, BUET  2015-02-092015-02-09 
 64137Central Library, BUET621.2/KHU/198511Circulation section2015-02-09621_200000000000000_KHU_1985 General BookCentral Library, BUET  2015-02-092015-02-09 
 64139Central Library, BUET621.2/KHU/198512Circulation section2015-02-09621_200000000000000_KHU_1985 General BookCentral Library, BUET  2015-02-092015-02-09